| 000 | 01245nam a2200313 i 4500 | ||
|---|---|---|---|
| 003 | EG-ScBUE | ||
| 005 | 20241212100414.0 | ||
| 008 | 170718s2024 ua o f f000 0aara d | ||
| 017 | _a13333 | ||
| 020 | _a9789778726152 | ||
| 040 |
_aEG-ScBUE _bara _erda _cEG-ScBUE _dEG-ScBUE |
||
| 082 | 0 | 4 |
_a791.43028092 _bر ش د _222 |
| 100 | 1 |
_aرشدي، فاطمة، _d1901-1996، _eمؤلف. _938780 |
|
| 245 | 1 | 0 |
_aفاطمة رشدي : _bالحب و الفن و السياسة / _cبقلم فاطمة رشدي ؛ دراسة وتقديم بيجاد سلامة. |
| 250 | _aالطبعة الأولى | ||
| 264 | 1 |
_aالجيزة ، مصر : _bأطياف للنشر والتوزيع، _c2024. |
|
| 300 |
_a296 صفحة : _bصور ؛ _c24 سم |
||
| 336 |
_2rdacontent _aنص _btxt |
||
| 337 |
_2rdamedia _aبدون وسيط _bn |
||
| 338 |
_2rdacarrier _aمجلد _bnc |
||
| 490 | 0 | _aالمذكرات الكاملة | |
| 541 |
_cإهداء ؛ _aأطياف |
||
| 600 | 1 | 7 |
_2BUEsh _aرشدي، فاطمة، _d1901-1996 _xيوميات |
| 650 | 7 |
_2BUEsh _aالممثلون و الممثلات المصريون _vتراجم. _98633 |
|
| 653 |
_bGGEN _cDecember2024 |
||
| 655 | _vReading book | ||
| 700 | 1 |
_aسلامة، بيجاد، _eمقدم. |
|
| 942 | _2ddc | ||
| 999 |
_c30829 _d30800 |
||